Procedimiento de diseño de muros de escollera para las condiciones típicas de sismicidad de Costa Rica
Guardado en:
| Autor principal: | |
|---|---|
| Formato: | Libro |
| Lenguaje: | Spanish |
| Publicado: |
[San José , Costa Rica]
2017
|
| Materias: | |
| Etiquetas: |
Agregar Etiqueta
Sin Etiquetas, Sea el primero en etiquetar este registro!
|
MARC
| LEADER | 00000nam a22000007a 4500 | ||
|---|---|---|---|
| 003 | 012776 | ||
| 005 | 20221231144244.0 | ||
| 008 | 171019b2017 cr a|||| m||| 00| ||spa d | ||
| 040 | |c cru CEDI | ||
| 090 | |a TFG 7927 | ||
| 100 | |9 10190 |a Valverde Retana, Amado José | ||
| 245 | |a Procedimiento de diseño de muros de escollera para las condiciones típicas de sismicidad de Costa Rica | ||
| 260 | |a [San José , Costa Rica] |c 2017 | ||
| 300 | |a xiv, 119[A,A,A,A,B,B,B,B] ; ilustraciones a color | ||
| 500 | |a Proyecto de graduación (licenciatura en ingeniería civil)--Universidad de Costa Rica. Facultad de Ingeniería. Escuela de Ingeniería Civil | ||
| 650 | |x MUROS DE CONTENCION - DISEÑO Y CONSTRUCCION |x MUROS DE CONTENCION - PRUEBAS |x MUROS DE CONTENCION - EFECTOS SISMICOS |x ESTABILIZACION DE SUELOS - MODELOS MATEMATICOS - PROGRAMAS PARA COMPUTADORA |x MUROS DE CONTENCION |9 10191 | ||
| 942 | |c TFG | ||
| 999 | |c 19148 |d 19148 | ||
